Statistics for Random Trivia #1

Click here to take the quiz!

General Stats

  • This quiz has been taken 17 times
  • The average score is 6 of 20

Answer Stats

HintAnswer% Correct
The Number of the Beast666
88%
Name of the region that encompasses most of northern RussiaSiberia
75%
Name of the cord that connects a mother and her fetusUmbilical Cord
63%
The members of The First TriumvirateJulius Caesar
50%
Who won The Battle of Hastings?William the Conqueror
50%
Name of the instrument that is considered the predecessor of the pianoHarpsichord
38%
US President who famously said "We chose to do these things not because they are easy, but because they are hard"John F. Kennedy
38%
Capital of SloveniaLjubljana
31%
The name of the infamous "Clown Killer" whose killing spree started in 1972 and ended 1978John Wayne Gacy
25%
Names of the homeless Ancient Greek philosopher who was one of the founders of cynic philosophy?Diogenes
19%
A function used in programming that if proved true performs a function or displays information.IF Statement
19%
Other than chimps, what is the closest living relative to the human race?Bonobo
13%
What does GPU stand for?Graphical Processing Unit
13%
Which disease that was known commonly as the "Great Pox" throughout history was first cured in 1947 and in its later stages, can cause insanity.Syphilis
13%
Crassus
6%
A word that means "intended for or likely to only be understood by a small amount of individuals with a specialised knowledge or intersest in the subject" It also starts with the letter 'e'Esoteric
6%
Who lost the Battle of Stamford Bridge?Harald Hardrada
6%
Who lost The Battle of Hastings, but won the battle of Stamford BridgeHarold Godwinson
6%
Name of the city that is also known as Third RomeMoscow
6%
Pompey
6%

Score Distribution

Percentile by Number Answered

Percent of People with Each Score

Your Score History

You have not taken this quiz